Erstes Lesebuch, für den Schreiblese-Unterricht eingerichtet. Zweites Heftchen
Saved in:
| Main Author: | |
|---|---|
| Format: | Unknown |
| Language: | Spanish |
| Published: |
Arlon
Buch- und Steindruckerei von P. A. Brück
1863
|
| Edition: | elfte Auflage |
| Textbook Catalogue: | MANES: Library Catalog Search Result |
| Textbook Classification: | |
| Subjects: | |
| Tags: |
Add Tag
No Tags, Be the first to tag this record!
|
| Added to: | 2016-04-26 |
MARC
| LEADER | 000000000a22000000004500 | ||
|---|---|---|---|
| 001 | 25285 | ||
| 008 | 160427s be ||||| |||| 00| 0 spa d | ||
| 040 | |a manes |c manes | ||
| 041 | |a Alemán | ||
| 100 | 1 | |a HENCKELS, J. B. |b Oberlehrer an der Knabenschule zu Arlon | |
| 245 | 0 | 0 | |a Erstes Lesebuch, für den Schreiblese-Unterricht eingerichtet. Zweites Heftchen |
| 250 | |a elfte Auflage | ||
| 260 | 3 | |a Arlon |b Buch- und Steindruckerei von P. A. Brück |c 1863 | |
| 300 | |a 32 p. | ||
| 546 | |a Bélgica | ||
| 650 | 7 | |a Lenguas Extranjeras | |
| 655 | 7 | |a Primaria | |
| 942 | |2 ddc |c BK | ||
| 999 | |c 47613 |d 47613 | ||
| 999 | |c manes:47613 |d 47613 | ||